000 00317 a2200121 4500
000 nam a22 7a 4500
005 20260207150848.0
020 _a9789362711762
100 _aAnand Gautam
_91114370
245 _aPracheen Bhartiya Rajnitik Vichar aur Sanstha
260 _bVenus Publications
_c2025
942 _cTEXL
999 _c1678914
_d1678914